1550 1747 1401 1718 1765 1410 1210 1955 1759 1119 1170 1564 1033 1174 1728 1475 1958 1601 1122 1046 1165 1983 1854 1108 1767 1826 1085 1787 1998 1432 1901 1003 1130 1217 1922 1140 1721 1464 1059 1186 1800 1763 1402 1003 1510 1125 1343 1269 1732 1726 1751 1741 1989 1045 1776 1873 1244 1461 1184 1045 1901 1104 1298 1717 1860 1684 1309 1081 1628 1344 1360 1980 1853 1250 1905 1731 1467 1049 1209 1796 1209 1680 1904 1815 1889 1936 1375 1854 1356 1264 1400 1066 1832 1633 1882 1110 1909 1609 1552 BCNSPRNW ULIB Ver.6.0+V

เปลี่ยนเป็นภาษาไทย

Change to English
 แสดงรายละเอียดบรรณานุกรม
  กลับหน้าหลัก

Brief Record : Get Marc (ISO 2709) : E-mail record : QR code < ปิดหน้าต่าง
LEADER : 00000nam 2200000uu 4500
001    13399112205
003     ULIB
008    110801s2554||||th 000 0 tha d
020    9786165020725
090    นว.^bบ111ซ 2554
100 0  Baibiau
245 00 ซาตานหัวใจหิน /^cBaibiau
260    กรุงเทพฯ:^bSugar Beat,^c2554.
300    327 หน้า.
945    ^p220^l0^i18460
995    เกษร
999 ^a ใช้งานได้ทุกระบบ
รายการนี้ยังไม่มีแท็ก
คุณยังไม่ได้ล็อกอิน คุณสามารถมีกิจกรรมร่วมกับเว็บไซต์ได้ แต่ต้องล็อกอินก่อน ::
  ล็อกอิน

รายการสื่อสารสนเทศ

ลำดับที่ ประเภท เลขเรียก/บาร์โค้ด สถานที่ สถานะ
1. วิทยาศาสตร์การแพทย์ และสุขภาพ
วิทยาศาสตร์การแพทย์ และสุขภาพ
นว. บ111ซ 2554  
  Barcode: 18460
ห้องสมุดวิทยาเขตสวรรค์ประชารักษ์
►นวนิยาย
บนชั้น
  ขอยืม

BibComment


ยังไม่เคยถูกคอมเมนท์

คอมเมนท์ทรัพยากรรายการนี้
  คอมเมนท์: ซาตานหัวใจหิน Ba..


 Copyright 2026. Bcnsprnw @Library